00381nam a22001577a 4500003000400000008004100004020001800045082001600063100002600079245002900105250000800134260002000142300001200162650002900174700002000203OSt250426b |||||||| |||| 00| 0 eng d a9788125601166 a344.104 SIP aSiddiqui, Anees Ahmad aPharmacy Law and Eithics a1st aDelhibTara Pub avii,304 aPharmacy law and Eithics aSiddiqui, Seema